000 00399nam a2200133Ia 4500
008 211109s9999||||xx |||||||||||||| ||und||
082 _a241.54
_bJER-R
100 _aJeremy, Taylor
245 0 _aRule and Exercises of Holy Living. Vol. II Temple Classic
260 _bG. M. Dent
_aNew York
_c1960
630 _xGeneral Stack
650 _aReligion
_vChristianity,Saints
_xChristian Theology
942 _cBOOK
999 _c555
_d555